[Event "PREFERENTE Gandia 2011"]
[Site "Gandia"]
[Date "2011.10.22"]
[Round "3"]
[White "Sala Espi, Antonio"]
[Black "Bas Mas, Miguel"]
[Result "0-1"]
[WhiteElo "1699"]
[BlackElo "1869"]
[PlyCount "74"]
[EventDate "2011.10.01"]
[EventRounds "7"]
[EventCountry "ESP"]

1. c4 e5 2. Nc3 Nf6 3. g3 Bb4 4. Bg2 O-O 5. Nf3 Nc6 6. O-O Re8 7. Nd5 Bc5 8. d3
h6 9. a3 Nxd5 10. cxd5 Nd4 11. Nxd4 Bxd4 12. e3 Bb6 13. b4 c6 14. Bb2 cxd5 15.
Bxd5 Qe7 16. Qh5 d6 17. Rac1 Be6 18. Qf3 Bxd5 19. Qxd5 Rac8 20. Rxc8 Rxc8 21.
Rc1 Rxc1+ 22. Bxc1 Qc7 23. Qc4 Kf8 24. Qxc7 Bxc7 25. e4 Ke7 26. Be3 a6 27. Kf1
Ke6 28. f4 f5 29. Ke2 d5 30. fxe5 dxe4 31. d4 g5 32. h4 Bd8 33. hxg5 hxg5 34.
Kd2 Kd5 35. Kc3 Bb6 36. e6 Bd8 37. a4 b5 0-1

[Event "PREFERENTE Gandia 2011"]
[Site "Gandia"]
[Date "2011.10.22"]
[Round "3"]
[White "Cortell Canet, Miguel"]
[Black "Miquel Badenes, Jose"]
[Result "1-0"]
[WhiteElo "1809"]
[BlackElo "1808"]
[PlyCount "53"]
[EventDate "2011.10.01"]
[EventRounds "7"]
[EventCountry "ESP"]

1. c4 Nf6 2. Nf3 e6 3. Nc3 d5 4. d4 Be7 5. Bf4 a6 6. e3 Nbd7 7. h3 b6 8. Bd3
Bb7 9. O-O O-O 10. cxd5 exd5 11. Ne5 Bd6 12. Rc1 Re8 13. Nxd7 Bxf4 14. Nxf6+
Qxf6 15. exf4 Qxf4 16. Qg4 Qd2 17. Bc2 Bc8 18. Qh4 h6 19. Rfd1 Qg5 20. Qxg5
hxg5 21. Nxd5 Ra7 22. Re1 Be6 23. Nxc7 Rxc7 24. d5 Rec8 25. dxe6 Rxc2 26. Rxc2
Rxc2 27. e7 1-0

[Event "PREFERENTE Gandia 2011"]
[Site "Gandia"]
[Date "2011.11.05"]
[Round "4"]
[White "Bas Mas, Jose Joaquin"]
[Black "Frasquet Solbes, Elias"]
[Result "1-0"]
[WhiteElo "2226"]
[BlackElo "2109"]
[PlyCount "43"]
[EventDate "2011.10.01"]
[EventRounds "7"]
[EventCountry "ESP"]

1. e4 c6 2. d4 d5 3. exd5 cxd5 4. c4 e6 5. Nc3 Nf6 6. Nf3 Bb4 7. cxd5 Nxd5 8.
Bd2 Nc6 9. Bd3 Nf6 10. O-O O-O 11. Bg5 Be7 12. Re1 Nb4 13. Bc4 Nbd5 14. Ne5 Bd7
15. Qb3 Bc6 16. Rad1 Rc8 17. Qc2 Qa5 18. Bxf6 Nxf6 19. Nxf7 Rxf7 20. Bxe6 Rd8
21. Qb3 Nd5 22. Re5 1-0

[Event "PREFERENTE Gandia 2011"]
[Site "Gandia"]
[Date "2011.11.05"]
[Round "4"]
[White "Canamas Soler, Jose Vicente"]
[Black "Miquel Badenes, Indalecio"]
[Result "1/2-1/2"]
[WhiteElo "1993"]
[BlackElo "1905"]
[PlyCount "96"]
[EventDate "2011.10.01"]
[EventRounds "7"]
[EventCountry "ESP"]

1. e4 c5 2. Nf3 e6 3. d4 cxd4 4. Nxd4 a6 5. Bd3 Qc7 6. O-O Nf6 7. Nc3 Nc6 8.
Be3 Ne5 9. h3 Bc5 10. Qe2 b5 11. Nb3 Bxe3 12. Qxe3 d6 13. Rad1 O-O 14. a4 b4
15. Na2 a5 16. Nd2 Nxd3 17. cxd3 Qc2 18. Nc4 Nd7 19. Nc1 d5 20. exd5 exd5 21.
Qf3 Bb7 22. Nd6 Bc6 23. b3 d4 24. Qg3 Qc5 25. Ne2 Nf6 26. Rc1 Qd5 27. Rc4 Nh5
28. Qg4 f5 29. Nxf5 Rxf5 30. Rxc6 Rg5 31. Qe6+ Qxe6 32. Rxe6 Kf7 33. Rc6 Re8
34. Nxd4 Nf4 35. g3 Nxd3 36. Nf3 Rf5 37. Nd2 Re2 38. Nc4 Ke7 39. Rc7+ Kf8 40.
Nd6 Rfxf2 41. Rxf2+ Rxf2 42. Nc4 Rf5 43. Ra7 Nc1 44. Rxa5 Rf3 45. Ra8+ Ke7 46.
Ra7+ Kf6 47. Ra6+ Ke7 48. Ra7+ Kf6 1/2-1/2

[Event "PREFERENTE Gandia 2011"]
[Site "Gandia"]
[Date "2011.11.05"]
[Round "4"]
[White "Frances Saez, Juan Vicente"]
[Black "Moscardo Vaya, Salvador"]
[Result "1-0"]
[WhiteElo "2070"]
[BlackElo "1913"]
[PlyCount "51"]
[EventDate "2011.10.01"]
[EventRounds "7"]
[EventCountry "ESP"]

1. e4 e5 2. Nf3 Nc6 3. Bb5 d6 4. d4 Bd7 5. Nc3 exd4 6. Nxd4 Nxd4 7. Qxd4 Bxb5
8. Nxb5 a6 9. Nc3 Ne7 10. Bf4 Nc6 11. Qd2 Be7 12. O-O-O Bf6 13. Nd5 Be5 14. Be3
O-O 15. f4 Bf6 16. g4 g6 17. h4 b6 18. h5 Na5 19. Bd4 Bxd4 20. Qxd4 f6 21. hxg6
hxg6 22. g5 c5 23. Qc3 Nc6 24. Qh3 Kf7 25. Qh7+ Ke8 26. Nc7+ 1-0

[Event "PREFERENTE Gandia 2011"]
[Site "Gandia"]
[Date "2011.11.05"]
[Round "4"]
[White "Bas Mas, Miguel"]
[Black "Del Arco Gimeno, Juan"]
[Result "1-0"]
[WhiteElo "1869"]
[BlackElo "1972"]
[PlyCount "81"]
[EventDate "2011.10.01"]
[EventRounds "7"]
[EventCountry "ESP"]

1. e4 d6 2. d4 c5 3. dxc5 Qa5+ 4. Nc3 Qxc5 5. Nf3 Nf6 6. Qd4 Qa5 7. Bd2 Nc6 8.
Bb5 Qc7 9. Nd5 Qd7 10. Nxf6+ gxf6 11. Qd3 a6 12. Bxc6 bxc6 13. O-O-O a5 14. Bc3
Rg8 15. g3 Qe6 16. Kb1 a4 17. Nd4 Qd7 18. f4 c5 19. Nf3 Qc6 20. a3 Bg4 21. Rhf1
Qa6 22. Qxa6 Rxa6 23. Rde1 Bxf3 24. Rxf3 h5 25. Ka2 Bg7 26. b3 Kd7 27. b4 Rc8
28. Rb1 Rb6 29. bxc5 Rxb1 30. Kxb1 Rxc5 31. Kc1 Rc4 32. Re3 e5 33. Kd2 Kc6 34.
Kd3 d5 35. exd5+ Kxd5 36. fxe5 fxe5 37. Bxe5 f6 38. Bb2 Rg4 39. Re7 Rg6 40. Ra7
Rg4 41. Ra5+ {irreproducible, el negro perdió por tiempo tras 57 jugadas} 1-0

[Event "PREFERENTE Gandia 2011"]
[Site "Gandia"]
[Date "2011.11.05"]
[Round "4"]
[White "Soler Ollero, Guillermo"]
[Black "Company Sancho, Miguel"]
[Result "0-1"]
[WhiteElo "1756"]
[BlackElo "1935"]
[PlyCount "54"]
[EventDate "2011.10.01"]
[EventRounds "7"]
[EventCountry "ESP"]

1. d4 d5 2. c4 e6 3. cxd5 exd5 4. Nf3 Nf6 5. Nc3 c6 6. Bg5 Be7 7. e3 Bg4 8. Be2
Nbd7 9. Rb1 Bf5 10. Bd3 Bxd3 11. Qxd3 Nh5 12. Bxe7 Qxe7 13. b4 Nf4 14. Qf1 b5
15. a3 a5 16. Ne2 Qe4 17. Nd2 Nd3+ 18. Kd1 Qg6 19. Nc1 Nxc1 20. Rxc1 axb4 21.
axb4 Ra4 22. Rb1 Ra2 23. Ke2 O-O 24. Rg1 Rfa8 25. Rb3 Rxd2+ 26. Kxd2 Ra2+ 27.
Ke1 Ra1+ 0-1

[Event "PREFERENTE Gandia 2011"]
[Site "Gandia"]
[Date "2011.11.05"]
[Round "4"]
[White "Gonzalez Soto, Jose"]
[Black "Maronda Escriva, Ivan"]
[Result "1/2-1/2"]
[WhiteElo "1790"]
[BlackElo "1845"]
[PlyCount "69"]
[EventDate "2011.10.01"]
[EventRounds "7"]
[EventCountry "ESP"]

1. d4 c6 2. c4 d5 3. Nf3 Nf6 4. cxd5 cxd5 5. Nc3 Nc6 6. Bf4 e6 7. e3 Bd6 8.
Bxd6 Qxd6 9. Rc1 a6 10. a3 O-O 11. Bd3 e5 12. dxe5 Nxe5 13. Nxe5 Qxe5 14. Be2
Be6 15. O-O Rad8 16. Qd4 Qxd4 17. exd4 Bd7 18. Bf3 Bc6 19. Rfe1 Rfe8 20. Kf1
Kf8 21. g3 Ne4 22. Red1 f5 23. Be2 Re6 24. Bd3 g6 25. Bxe4 fxe4 26. Re1 Rde8
27. Re3 Rf6 28. Kg2 h5 29. h4 Kg7 30. Rf1 Ref8 31. f4 exf3+ 32. Rfxf3 Rxf3 33.
Rxf3 Rxf3 34. Kxf3 Kf6 35. Kf4 1/2-1/2

[Event "PREFERENTE Gandia 2011"]
[Site "Gandia"]
[Date "2011.11.05"]
[Round "4"]
[White "Arlandis Clari, Enrique"]
[Black "Bonell Selles, Juan"]
[Result "1/2-1/2"]
[WhiteElo "1970"]
[BlackElo "1769"]
[PlyCount "48"]
[EventDate "2011.10.01"]
[EventRounds "7"]
[EventCountry "ESP"]

1. e4 c5 2. Nf3 d6 3. c3 Nc6 4. d4 cxd4 5. cxd4 e6 6. Nc3 Be7 7. Bb5 a6 8. Ba4
b5 9. Bc2 Bd7 10. O-O Rc8 11. Bf4 g5 12. Be3 Bf6 13. a3 h6 14. d5 Na5 15. dxe6
Bxe6 16. Bd4 Bxd4 17. Qxd4 Nf6 18. b4 Nc6 19. Qd2 O-O 20. Rac1 Ne5 21. Nxe5
dxe5 22. Qe3 Ng4 23. Qf3 Qf6 24. Qg3 Qf4 1/2-1/2

[Event "PREFERENTE Gandia 2011"]
[Site "Gandia"]
[Date "2011.11.05"]
[Round "4"]
[White "Soler Nadal, Jose Antonio"]
[Black "Sala Espi, Antonio"]
[Result "0-1"]
[WhiteElo "1779"]
[BlackElo "1699"]
[PlyCount "72"]
[EventDate "2011.10.01"]
[EventRounds "7"]
[EventCountry "ESP"]

1. d4 d5 2. Bf4 Nf6 3. e3 e6 4. Nf3 Nbd7 5. Bd3 Be7 6. Nbd2 b6 7. O-O Bb7 8. h3
O-O 9. c3 c5 10. Qe2 Rc8 11. Ba6 Bxa6 12. Qxa6 Ra8 13. Rfe1 Qc8 14. Qf1 Qb7 15.
Bh2 h6 16. g4 g5 17. Qg2 Ne4 18. Nxe4 dxe4 19. Nd2 f5 20. f3 exf3 21. Qg3 fxg4
22. Rf1 f2+ 23. Rxf2 Rxf2 24. Kxf2 Rf8+ 25. Kg1 h5 26. Rf1 Rxf1+ 27. Kxf1 Qd5
28. e4 Qc6 29. hxg4 h4 30. Qd3 cxd4 31. cxd4 Qc1+ 32. Ke2 Bb4 33. Nc4 Qe1+ 34.
Kf3 Qh1+ 35. Kf2 Qxh2+ 36. Kf1 Qf4+ 0-1

[Event "PREFERENTE Gandia 2011"]
[Site "Gandia"]
[Date "2011.11.05"]
[Round "4"]
[White "Fenollar Baenas, Nahim"]
[Black "Alba Zaragoza, Vicente"]
[Result "1-0"]
[WhiteElo "1651"]
[BlackElo "1857"]
[PlyCount "71"]
[EventDate "2011.10.01"]
[EventRounds "7"]
[EventCountry "ESP"]

1. d4 Nf6 2. Nf3 d5 3. c4 c6 4. Nc3 g6 5. Bf4 Bg7 6. e3 O-O 7. cxd5 cxd5 8. h3
a6 9. Be2 Nc6 10. O-O Re8 11. Ne5 Nxe5 12. Bxe5 b5 13. Rc1 Bb7 14. Qb3 Qd7 15.
a4 bxa4 16. Nxa4 Bc6 17. Nc5 Qc8 18. Qb6 Bb5 19. Bxb5 axb5 20. Qxb5 Ra2 21. Ra1
Qa8 22. Rxa2 Qxa2 23. Bxf6 Qa8 24. Bxg7 Kxg7 25. b4 Rb8 26. Qa5 Qc6 27. Ra1 Rb6
28. Qa8 Qb5 29. Qxd5 Qxb4 30. Qe5+ Kh6 31. Qxe7 Kg7 32. Qe5+ Kh6 33. Ne4 Re6
34. Qc5 Qb2 35. Qf8+ Kh5 36. Ra5+ 1-0

[Event "PREFERENTE Gandia 2011"]
[Site "Gandia"]
[Date "2011.11.12"]
[Round "5"]
[White "Frances Saez, Juan Vicente"]
[Black "Bas Mas, Jose Joaquin"]
[Result "0-1"]
[WhiteElo "2070"]
[BlackElo "2226"]
[PlyCount "26"]
[EventDate "2011.10.01"]
[EventRounds "7"]
[EventCountry "ESP"]

1. e4 e6 2. d4 d5 3. Nd2 Nf6 4. e5 Nfd7 5. f4 c5 6. c3 Nc6 7. Ndf3 Qb6 8. Ne2
f6 9. g3 cxd4 10. cxd4 fxe5 11. fxe5 Bb4+ 12. Bd2 O-O 13. Qb3 Rxf3 0-1

[Event "PREFERENTE Gandia 2011"]
[Site "Gandia"]
[Date "2011.11.12"]
[Round "5"]
[White "Company Sancho, Miguel"]
[Black "Canamas Soler, Jose Vicente"]
[Result "1/2-1/2"]
[WhiteElo "1935"]
[BlackElo "1993"]
[PlyCount "61"]
[EventDate "2011.10.01"]
[EventRounds "7"]
[EventCountry "ESP"]

1. d4 d6 2. Nf3 g6 3. c4 Bg7 4. Nc3 Nf6 5. e4 O-O 6. Be2 e5 7. dxe5 dxe5 8.
Qxd8 Rxd8 9. Bg5 Re8 10. Nd5 Nxd5 11. cxd5 c6 12. Bc4 b5 13. Bb3 Bb7 14. Rd1 a5
15. dxc6 Bxc6 16. Bd5 Ra6 17. O-O Bxd5 18. Rxd5 f6 19. Be3 b4 20. Rfd1 Bf8 21.
g4 g5 22. h4 h6 23. hxg5 hxg5 24. Nd2 a4 25. Nc4 Rc6 26. b3 a3 27. Rb5 Na6 28.
Rb6 Rxb6 29. Nxb6 Bc5 30. Nd7 Be7 31. Nb6 1/2-1/2

[Event "PREFERENTE Gandia 2011"]
[Site "Gandia"]
[Date "2011.11.12"]
[Round "5"]
[White "Miquel Badenes, Indalecio"]
[Black "Bas Mas, Miguel"]
[Result "0-1"]
[WhiteElo "1905"]
[BlackElo "1869"]
[PlyCount "58"]
[EventDate "2011.10.01"]
[EventRounds "7"]
[EventCountry "ESP"]

1. d4 Nf6 2. c4 g6 3. Nc3 d5 4. cxd5 Nxd5 5. Bd2 Bg7 6. e4 Nxc3 7. Bxc3 O-O 8.
Bc4 c5 9. d5 Bxc3+ 10. bxc3 Qa5 11. Ne2 b5 12. Bb3 b4 13. Qd2 bxc3 14. Nxc3 Ba6
15. h4 Nd7 16. h5 Ne5 17. Rh3 c4 18. Bc2 Nd3+ 19. Bxd3 cxd3 20. Nd1 Qxd2+ 21.
Kxd2 Rfc8 22. Ne3 Rab8 23. Nd1 Rc2+ 24. Ke3 d2 25. Rh1 Rc1 26. Nc3 Rxc3+ 27.
Kxd2 Rd3+ 28. Ke1 Rb2 29. Rh3 Rxh3 0-1

[Event "PREFERENTE Gandia 2011"]
[Site "Gandia"]
[Date "2011.11.12"]
[Round "5"]
[White "Frasquet Solbes, Elias"]
[Black "Gomar Juan, Miguel"]
[Result "1-0"]
[WhiteElo "2109"]
[BlackElo "1955"]
[PlyCount "73"]
[EventDate "2011.10.01"]
[EventRounds "7"]
[EventCountry "ESP"]

1. Nf3 d5 2. g3 c6 3. Bg2 Nd7 4. d4 Ngf6 5. O-O g6 6. c4 dxc4 7. Qc2 Bg7 8.
Qxc4 O-O 9. Nc3 Nb6 10. Qd3 Re8 11. Rd1 Nbd5 12. e4 Nxc3 13. bxc3 Bg4 14. h3
Bxf3 15. Qxf3 Qc7 16. Bf4 Qa5 17. Be5 Nh5 18. Bxg7 Nxg7 19. Qe3 Rad8 20. f4 e6
21. Kh2 Rd7 22. Rd2 Red8 23. Re1 Ne8 24. Bf1 b5 25. g4 Qa4 26. f5 Qa3 27. Rb1
Qe7 28. e5 exf5 29. gxf5 gxf5 30. Bd3 Ng7 31. Rg2 Kh8 32. Rbg1 Rg8 33. Qh6 Qf8
34. Bxf5 Nxf5 35. Rxg8+ Qxg8 36. Rxg8+ Kxg8 37. Qxc6 1-0

[Event "PREFERENTE Gandia 2011"]
[Site "Gandia"]
[Date "2011.11.12"]
[Round "5"]
[White "Sala Espi, Antonio"]
[Black "Morant Gomar, Sergio"]
[Result "1-0"]
[WhiteElo "1699"]
[BlackElo "1821"]
[PlyCount "73"]
[EventDate "2011.10.01"]
[EventRounds "7"]
[EventCountry "ESP"]

1. d4 Nf6 2. c4 e6 3. Nc3 d5 4. Bg5 Be7 5. e3 c6 6. Nf3 Nbd7 7. Bd3 dxc4 8.
Bxc4 h6 9. Bxf6 Nxf6 10. O-O O-O 11. Re1 b5 12. Bb3 Bb7 13. Rc1 Rc8 14. Bc2 Qb6
15. Ne4 Rfd8 16. Qd3 c5 17. Nxf6+ Bxf6 18. Qh7+ Kf8 19. e4 Ke7 20. e5 Bg5 21.
Nxg5 hxg5 22. Qxg7 Rg8 23. Qf6+ Kf8 24. Bh7 Rg7 25. dxc5 Qa5 26. Be4 Bxe4 27.
Rxe4 Qd2 28. Ree1 Qxb2 29. Red1 Re8 30. c6 Kg8 31. c7 Rc8 32. Qd8+ Rxd8 33.
cxd8=Q+ Kh7 34. Qd3+ Kh6 35. g4 Qxe5 36. Rc8 Rh7 37. Rg8 1-0

[Event "PREFERENTE Gandia 2011"]
[Site "Gandia"]
[Date "2011.11.12"]
[Round "5"]
[White "Garcia Requena, Joan"]
[Black "Soler Nadal, Jose Antonio"]
[Result "1/2-1/2"]
[WhiteElo "1760"]
[BlackElo "1779"]
[PlyCount "49"]
[EventDate "2011.10.01"]
[EventRounds "7"]
[EventCountry "ESP"]

1. e4 c6 2. d4 d5 3. Nc3 dxe4 4. Nxe4 Nf6 5. Nxf6+ exf6 6. Bc4 Bd6 7. Qe2+ Be7
8. c3 O-O 9. Nf3 Qc7 10. h3 Bf5 11. O-O Nd7 12. Re1 Bd6 13. Nh4 Bg6 14. Nxg6
hxg6 15. Bd2 f5 16. Bg5 Nf6 17. Bxf6 gxf6 18. g3 Kg7 19. Kg2 Rfe8 20. Qxe8 Rxe8
21. Rxe8 a6 22. Kg1 Bxg3 23. fxg3 Qxg3+ 24. Kh1 Qxh3+ 25. Kg1 1/2-1/2

[Event "PREFERENTE Gandia 2011"]
[Site "Gandia"]
[Date "2011.11.19"]
[Round "6"]
[White "Bas Mas, Miguel"]
[Black "Bas Mas, Jose Joaquin"]
[Result "0-1"]
[WhiteElo "1869"]
[BlackElo "2226"]
[PlyCount "120"]
[EventDate "2011.10.01"]
[EventRounds "7"]
[EventCountry "ESP"]

1. e4 c5 2. Nf3 e6 3. d4 cxd4 4. Nxd4 Nf6 5. Nc3 Nc6 6. Nxc6 bxc6 7. e5 Nd5 8.
Ne4 Qc7 9. f4 Qb6 10. c4 Bb4+ 11. Ke2 f5 12. Nf2 Ba6 13. Kf3 Ne7 14. Be3 Bc5
15. Bxc5 Qxc5 16. Qd6 Qxd6 17. exd6 Ng6 18. c5 Bxf1 19. Rhxf1 O-O 20. Nd3 a5
21. Rac1 Rab8 22. Rc4 Rfe8 23. Re1 h6 24. b3 Kf7 25. g3 Kf6 26. Ne5 Nxe5+ 27.
fxe5+ Kg6 28. Ke3 Rb5 29. Kd3 Kh5 30. Rh4+ Kg5 31. Rc1 Reb8 32. Rf4 Kh5 33.
Rh4+ Kg6 34. Ra4 Kf7 35. Rcc4 g5 36. Ke3 Kg6 37. Kf3 g4+ 38. Ke3 h5 39. Kf2 Kg5
40. Kg1 h4 41. Kg2 hxg3 42. hxg3 R8b7 43. Kf2 Rb8 44. Kg2 R8b7 45. Kf2 Rb4 46.
Rcxb4 axb4 47. Ke3 Rb5 48. Ra7 Rxc5 49. Rxd7 Rxe5+ 50. Kd4 Rd5+ 51. Kc4 e5 52.
Kxb4 f4 53. gxf4+ exf4 54. Rg7+ Kh4 55. Rh7+ Kg3 56. a4 f3 57. a5 f2 58. Rf7
Rxd6 59. a6 Rd1 60. a7 Ra1 0-1

[Event "PREFERENTE Gandia 2011"]
[Site "Gandia"]
[Date "2011.11.19"]
[Round "6"]
[White "Company Sancho, Miguel"]
[Black "Frasquet Solbes, Elias"]
[Result "0-1"]
[WhiteElo "1935"]
[BlackElo "2109"]
[PlyCount "144"]
[EventDate "2011.10.01"]
[EventRounds "7"]
[EventCountry "ESP"]

1. d4 g6 2. Nf3 Bg7 3. e4 c6 4. c3 d5 5. exd5 cxd5 6. Bf4 Nf6 7. h3 O-O 8. Bd3
Ne4 9. Nbd2 Bf5 10. Qe2 Nxd2 11. Qxd2 Bxd3 12. Qxd3 Qb6 13. Rb1 Qe6+ 14. Qe3
Qa6 15. Ra1 Nc6 16. Qe2 Qb6 17. O-O Rfe8 18. Qc2 Rad8 19. Rfe1 e6 20. Re2 Qa6
21. a4 Rc8 22. Qd1 Na5 23. Ne5 Nc4 24. Nxc4 Rxc4 25. Qd3 Qc6 26. a5 Rc8 27. Bd2
a6 28. Be1 Qd7 29. Bd2 Bf6 30. Qf3 Qd8 31. Rae1 Bg7 32. b4 Qc7 33. Rb1 Qd7 34.
Ree1 Qa4 35. Qd3 Qb5 36. Qe2 Ra8 37. Ra1 Rac8 38. Qd1 h5 39. Qa4 R8c6 40. Qxb5
axb5 41. h4 Kh7 42. f4 Bf6 43. g3 Bd8 44. Kf2 Bf6 45. Kf3 Rxc3+ 46. Bxc3 Rxc3+
47. Re3 Rc4 48. Rb3 Bxd4 49. a6 Rc2 50. g4 hxg4+ 51. Kxg4 bxa6 52. Rxa6 Rc4 53.
Kf3 Bc3 54. Rb6 Bxb4 55. Rxb5 Bd6 56. Kg2 Bxf4 57. Rb7 Kg7 58. R3b6 Rc7 59.
Rxc7 Bxc7 60. Rb7 Bf4 61. Kf3 e5 62. Rd7 d4 63. Ke4 Kf6 64. Rd6+ Ke7 65. Ra6
f5+ 66. Kd5 Kf7 67. Ra7+ Kf6 68. Ra6+ Kg7 69. Ke6 d3 70. Ra7+ Kh6 71. Kf6 Kh5
72. Rh7+ Kg4 0-1

[Event "PREFERENTE Gandia 2011"]
[Site "Gandia"]
[Date "2011.11.19"]
[Round "6"]
[White "Canamas Soler, Jose Vicente"]
[Black "Castillo Pla, Emilio"]
[Result "1-0"]
[WhiteElo "1993"]
[BlackElo "1948"]
[PlyCount "78"]
[EventDate "2011.10.01"]
[EventRounds "7"]
[EventCountry "ESP"]

1. c4 g6 2. d4 Bg7 3. Nc3 d6 4. e4 Nf6 5. f3 Nc6 6. Be3 a6 7. Nge2 Rb8 8. Ng3
e5 9. d5 Ne7 10. Qd2 c5 11. Bh6 O-O 12. h4 Bd7 13. h5 b5 14. Qg5 Bxh6 15. Qxh6
bxc4 16. Qg5 Nc8 17. Bxc4 Rxb2 18. Nge2 Bb5 19. O-O-O Rb4 20. Bb3 Bxe2 21. Nxe2
c4 22. Bc2 Nb6 23. Nc3 Nbd7 24. hxg6 fxg6 25. Rh6 Rf7 26. f4 Rb8 27. f5 Nh5 28.
Rxh5 Qa5 29. Qg3 Qa3+ 30. Kd2 Rg7 31. Rg5 Nf6 32. fxg6 h6 33. Rg4 Nxg4 34. Qxg4
Rf8 35. Qe6+ Kh8 36. Rh1 Rf2+ 37. Kd1 Rg8 38. Rxh6+ Kg7 39. Rh7+ Kf8 1-0

[Event "PREFERENTE Gandia 2011"]
[Site "Gandia"]
[Date "2011.11.19"]
[Round "6"]
[White "Sala Espi, Antonio"]
[Black "Frances Saez, Juan Vicente"]
[Result "0-1"]
[WhiteElo "1699"]
[BlackElo "2070"]
[PlyCount "74"]
[EventDate "2011.10.01"]
[EventRounds "7"]
[EventCountry "ESP"]

1. d4 Nf6 2. c4 g6 3. Nc3 Bg7 4. e4 d6 5. Nf3 O-O 6. Be2 Nbd7 7. Be3 e5 8. O-O
c6 9. Nd2 d5 10. dxe5 Nxe5 11. Bd4 Nxe4 12. cxd5 Nxc3 13. Bxc3 Qxd5 14. f4 Nd3
15. Bxd3 Qxd3 16. Bxg7 Kxg7 17. Qe1 Qd4+ 18. Kh1 Bf5 19. b3 Rfe8 20. Qf2 Rad8
21. Nc4 Qxf2 22. Rxf2 Rd7 23. Ne5 Rde7 24. Kg1 f6 25. Nc4 Bd3 26. g4 Re1+ 27.
Rxe1 Rxe1+ 28. Kg2 b5 29. Nd2 c5 30. Kg3 Re2 31. h3 Rxf2 32. Kxf2 Kf7 33. Ke3
Bc2 34. Ne4 Bxe4 35. Kxe4 Ke6 36. f5+ gxf5+ 37. gxf5+ Kd6 0-1

[Event "PREFERENTE Gandia 2011"]
[Site "Gandia"]
[Date "2011.11.19"]
[Round "6"]
[White "Moscardo Vaya, Salvador"]
[Black "Miquel Badenes, Indalecio"]
[Result "1/2-1/2"]
[WhiteElo "1913"]
[BlackElo "1905"]
[PlyCount "58"]
[EventDate "2011.10.01"]
[EventRounds "7"]
[EventCountry "ESP"]

1. e4 c5 2. f4 e6 3. c4 d5 4. cxd5 exd5 5. Bb5+ Bd7 6. Bxd7+ Qxd7 7. exd5 Qxd5
8. Qf3 Nf6 9. Nc3 Qd7 10. Nge2 Be7 11. O-O O-O 12. d3 Nc6 13. a3 Rfd8 14. Rd1
Rac8 15. Be3 Nd4 16. Bxd4 cxd4 17. Ne4 Rc2 18. Rd2 Rdc8 19. Rad1 Ne8 20. Qf2 f5
21. N4g3 Bf6 22. Nh5 Qe6 23. Nxf6+ Nxf6 24. Nxd4 Rxd2 25. Qxd2 Qb6 26. Qb4 Qxb4
27. axb4 Nd5 28. Nxf5 Rc2 29. b3 Nxf4 1/2-1/2

[Event "PREFERENTE Gandia 2011"]
[Site "Gandia"]
[Date "2011.11.19"]
[Round "6"]
[White "Maronda Escriva, Ivan"]
[Black "Cortell Canet, Miguel"]
[Result "1-0"]
[WhiteElo "1845"]
[BlackElo "1809"]
[PlyCount "89"]
[EventDate "2011.10.01"]
[EventRounds "7"]
[EventCountry "ESP"]

1. d4 Nf6 2. Nf3 c5 3. c4 cxd4 4. Nxd4 Nc6 5. Nc3 g6 6. g3 Bg7 7. Bg2 O-O 8. e3
a6 9. O-O e6 10. b3 Nxd4 11. exd4 d5 12. c5 Bd7 13. Bb2 Bc6 14. b4 Ne4 15. Re1
Nxc3 16. Bxc3 Bb5 17. a4 Bc4 18. Bf1 Bxf1 19. Rxf1 Qd7 20. Qd3 Rfc8 21. f4 Bf6
22. Rfb1 Bd8 23. b5 Qc7 24. Bb4 Kg7 25. Rc1 axb5 26. axb5 Qd7 27. Qe2 h6 28. b6
Bf6 29. Bc3 Ra4 30. Rxa4 Qxa4 31. Ra1 Qb3 32. Bb2 Qb4 33. Qf2 Be7 34. Ra7 Rxc5
35. dxc5+ Kh7 36. Bd4 Qb1+ 37. Kg2 Qe4+ 38. Kg1 Qb1+ 39. Qf1 Qe4 40. Bf2 d4 41.
Qe1 Qd5 42. Qe5 Qb3 43. Ra8 Qd1+ 44. Kg2 f6 45. Qxe6 1-0

[Event "PREFERENTE Gandia 2011"]
[Site "Gandia"]
[Date "2011.11.19"]
[Round "6"]
[White "Soler Ollero, Guillermo"]
[Black "Arlandis Clari, Enrique"]
[Result "1-0"]
[WhiteElo "1756"]
[BlackElo "1970"]
[PlyCount "49"]
[EventDate "2011.10.01"]
[EventRounds "7"]
[EventCountry "ESP"]

1. d4 d5 2. c4 e6 3. cxd5 exd5 4. Nf3 Nf6 5. Nc3 c6 6. Bg5 Be7 7. e3 Bf5 8. Bd3
Bxd3 9. Qxd3 Nbd7 10. O-O O-O 11. Rab1 a5 12. Bxf6 Nxf6 13. a3 Re8 14. b4 axb4
15. axb4 Bd6 16. Qc2 Qe7 17. b5 Ra3 18. Rfc1 Rc8 19. Na4 Qc7 20. bxc6 bxc6 21.
Nb6 Rb8 22. Qxc6 Qxc6 23. Rxc6 Bf8 24. Rcc1 Ra6 25. Nxd5 1-0

[Event "PREFERENTE Gandia 2011"]
[Site "Gandia"]
[Date "2011.11.19"]
[Round "6"]
[White "Morant Gomar, Sergio"]
[Black "Del Arco Gimeno, Juan"]
[Result "0-1"]
[WhiteElo "1821"]
[BlackElo "1972"]
[PlyCount "82"]
[EventDate "2011.10.01"]
[EventRounds "7"]
[EventCountry "ESP"]

1. e4 d6 2. d4 c5 3. dxc5 Qa5+ 4. Nc3 Qxc5 5. Nf3 Nf6 6. Bb5+ Bd7 7. Be3 Qc7 8.
Qe2 a6 9. Bd3 g6 10. Qd2 Bg7 11. Bh6 O-O 12. Bxg7 Kxg7 13. Nd5 Nxd5 14. exd5
Bg4 15. Be2 Nd7 16. h3 Bxf3 17. Bxf3 Ne5 18. Be2 Rac8 19. Rc1 b5 20. O-O Qc5
21. Rfd1 Rc7 22. c3 Rfc8 23. Qd4 a5 24. f4 Qxd4+ 25. Rxd4 Nc4 26. Bxc4 Rxc4 27.
Rxc4 Rxc4 28. g3 b4 29. Kf2 bxc3 30. Rxc3 Rd4 31. Ke3 Rxd5 32. Ke4 e6 33. b3
Kf6 34. Rd3 Rxd3 35. Kxd3 Kf5 36. Ke3 e5 37. a3 Ke6 38. b4 axb4 39. axb4 Kd5
40. b5 f5 41. g4 Kc5 0-1

[Event "PREFERENTE Gandia 2011"]
[Site "Gandia"]
[Date "2011.11.19"]
[Round "6"]
[White "Gomar Juan, Miguel"]
[Black "Miquel Badenes, Jose"]
[Result "1/2-1/2"]
[WhiteElo "1955"]
[BlackElo "1808"]
[PlyCount "31"]
[EventDate "2011.10.01"]
[EventRounds "7"]
[EventCountry "ESP"]

1. e4 d5 2. exd5 Qxd5 3. d4 c6 4. c4 Qa5+ 5. Nc3 Nf6 6. Be2 Qc7 7. Nf3 Bg4 8.
O-O e6 9. Ne5 Bxe2 10. Qxe2 Bd6 11. Bf4 Nbd7 12. Nxd7 Qxd7 13. Bxd6 Qxd6 14. d5
cxd5 15. Rad1 O-O 16. cxd5 1/2-1/2

[Event "PREFERENTE Gandia 2011"]
[Site "Gandia"]
[Date "2011.11.19"]
[Round "6"]
[White "Santamaria Bo, Jose Maria"]
[Black "Gonzalez Soto, Jose"]
[Result "1/2-1/2"]
[WhiteElo "1834"]
[BlackElo "1790"]
[PlyCount "72"]
[EventDate "2011.10.01"]
[EventRounds "7"]
[EventCountry "ESP"]

1. e4 e6 2. d3 d5 3. Qe2 g6 4. e5 c5 5. c3 Nc6 6. Nf3 Bd7 7. Bg5 Be7 8. Bf4 h5
9. Qd2 Qb6 10. Be2 d4 11. c4 Qb4 12. a3 Qxd2+ 13. Nbxd2 Nh6 14. Ne4 Nf5 15. Bg5
Bxg5 16. Nexg5 Ke7 17. Ne4 b6 18. O-O-O Bc8 19. Rde1 Bb7 20. Bd1 Raf8 21. h3 h4
22. Rhg1 Ba8 23. Nf6 Rd8 24. Ng4 Rb8 25. Nd2 Rbd8 26. Bf3 Rb8 27. Be4 Rbd8 28.
Bxc6 Bxc6 29. Ne4 Bxe4 30. Rxe4 Rb8 31. Kc2 b5 32. b3 Rb6 33. Rb1 Rhb8 34. Ree1
a5 35. Nf6 Ra8 36. Ne4 Rc8 1/2-1/2

[Event "PREFERENTE Gandia 2011"]
[Site "Gandia"]
[Date "2011.11.19"]
[Round "6"]
[White "Alba Zaragoza, Vicente"]
[Black "Garcia Requena, Joan"]
[Result "1-0"]
[WhiteElo "1857"]
[BlackElo "1760"]
[PlyCount "43"]
[EventDate "2011.10.01"]
[EventRounds "7"]
[EventCountry "ESP"]

1. e4 Nf6 2. e5 Nd5 3. c4 Nb6 4. d4 d6 5. f4 Bf5 6. Nc3 dxe5 7. fxe5 e6 8. Nf3
Be7 9. Be3 O-O 10. Qd2 f6 11. Bd3 fxe5 12. Nxe5 Bf6 13. Nf3 Bxd3 14. Qxd3 c5
15. O-O-O cxd4 16. Nxd4 Na6 17. Qe2 Qc8 18. b3 Nd7 19. Ndb5 Nac5 20. Bd4 Be7
21. b4 a6 22. Na3 1-0